000 00881nam a2200265Ia 4500
003 OSt
005 20220930074952.0
006 a|||||r|||| 00| 0
007 ta
008 220926b |||||||| |||| 00| 0 eng d
024 _a76567
037 _cTheses
040 _aCRL
_cCRL
_beng
041 _2eng
_aeng
100 _aRam Chandra Singh
_9535193
110 _aUniversity of Delhi. Faculty of Mathematical Sciences. Department of Statistics
_9519382
245 0 _aRobustness of some Bayes inferential procedures to a non-gamma prior distribution
260 _c2000
300 _a183p.
_ap.
_ccm.
650 _aPROBABILITIES
700 _a Prof Ashok K Bansal Gu.
_9535194
700 _aUniversity of Delhi. Faculty of Mathematical Sciences. Department of Statistics
_9519387
942 _cDIS
_2CC
999 _c867387
_d867387